[Event "Championnat de la Loire Open"]
[Site "Loire"]
[Date "2004.01.10"]
[Round "2.11"]
[White "Desassis, Gregoire"]
[Black "Goudet, Maxence"]
[Result "1-0"]
[WhiteElo "1660"]
[BlackElo "1090"]
[PlyCount "87"]

1. d4 d5 2. c4 dxc4 3. e4 Nf6 4. Nc3 e6 5. Bxc4 Bb4 6. Bd2 Bxc3 7. Bxc3 Nxe4 8.
Ne2 Nxc3 9. Nxc3 Nc6 10. d5 Ne5 11. Bb3 O-O 12. O-O f5 13. Re1 Qf6 14. f4 Ng6
15. dxe6 Nxf4 16. e7+ Be6 17. exf8=Q+ Kxf8 18. Bxe6 Nxe6 19. Nd5 Qf7 20. Rxe6
Rd8 21. Re5 c6 22. Qf3 Rxd5 23. Rxd5 cxd5 24. Rf1 g6 25. g4 Ke7 26. Re1+ Kd6
27. Qf4+ Kc6 28. Rc1+ Kb5 29. a4+ Ka5 30. Qc7+ Qxc7 31. Rxc7 Kxa4 32. Rxb7 a5
33. Rxh7 fxg4 34. Rg7 Kb3 35. Rxg6 a4 36. Rxg4 Kxb2 37. Rxa4 Kc3 38. h4 d4 39.
Kf2 d3 40. Ra3+ Kc2 41. Ke3 d2 42. Ra2+ Kc3 43. Rxd2 Kc4 44. h5 1-0

[Event "Championnat de la Loire Open"]
[Site "Loire"]
[Date "2004.01.10"]
[Round "2.12"]
[White "Vaughan, Luiz"]
[Black "Desassis, Jean-Francois"]
[Result "0-1"]
[WhiteElo "1499"]
[BlackElo "1320"]
[PlyCount "58"]

1. d4 Nf6 2. c4 g6 3. Nc3 Bg7 4. e3 O-O 5. Bd3 b6 6. Nge2 Bb7 7. O-O c5 8. d5
Qc7 9. e4 Ng4 10. Bf4 d6 11. Ng3 h5 12. Nh1 Nd7 13. Qd2 Be5 14. Bg3 Rae8 15.
Ne2 e6 16. Nf4 Qd8 17. f3 Bd4+ 18. Bf2 Nxf2 19. Nxf2 Qg5 20. Rad1 Ne5 21. Be2
Bc8 22. Kh1 Qh6 23. g4 Kg7 24. Rg1 Bxf2 25. Nxh5+ gxh5 26. gxh5+ Bxg1 27. Rxg1+
Kh7 28. f4 Rg8 29. Rg5 f6 0-1

[Event "Championnat de la Loire Open"]
[Site "Loire"]
[Date "2004.01.10"]
[Round "2.13"]
[White "Barnes, Pierrick"]
[Black "Borron, Herve"]
[Result "1-0"]
[WhiteElo "1930"]
[BlackElo "1190"]
[PlyCount "79"]

1. d4 d5 2. c4 dxc4 3. e4 Nf6 4. Nc3 Nc6 5. Nf3 e6 6. Bxc4 Bb4 7. Bg5 h6 8.
Bxf6 Qxf6 9. e5 Qg6 10. O-O O-O 11. Ne2 b6 12. a3 Be7 13. Bb3 Bb7 14. Bc2 f5
15. Nf4 Qf7 16. Bb3 Nd8 17. Rc1 g5 18. Nd3 Rc8 19. Bc4 Bd5 20. Ba6 Bb7 21. Bc4
Bd5 22. Qb3 Nb7 23. Bxd5 exd5 24. Nb4 Bxb4 25. Qxb4 c5 26. Qd2 Na5 27. dxc5 Nb3
28. Qe3 Nxc1 29. Rxc1 bxc5 30. Rxc5 Rxc5 31. Qxc5 Re8 32. Qd4 Rc8 33. h3 Kg7
34. e6+ Qf6 35. Qxd5 Qxb2 36. Qd7+ Kf6 37. Qxc8 Qb1+ 38. Kh2 Qd3 39. Qd7 Qb3
40. Qf7# 1-0

[Event "Championnat de la Loire Open"]
[Site "Loire"]
[Date "2004.01.10"]
[Round "2.14"]
[White "Bonnet, Mickael"]
[Black "Montroussier, Jacques"]
[Result "1/2-1/2"]
[WhiteElo "1299"]
[BlackElo "1520"]
[PlyCount "81"]

1. Nf3 e6 2. g3 Nf6 3. Bg2 d5 4. d4 Bd6 5. O-O O-O 6. Nc3 Bd7 7. Qd3 c5 8. Ng5
cxd4 9. Qxd4 Nc6 10. Qd3 Ne5 11. Qd4 Nc6 12. Qd3 Rc8 13. e4 Ne5 14. Qe3 dxe4
15. Ncxe4 Nxe4 16. Bxe4 h6 17. Nf3 Bc6 18. Nxe5 Bxe5 19. Bxc6 Bd4 20. Qb3 Rxc6
21. Be3 Bxe3 22. Qxe3 b6 23. Rac1 Qd5 24. b3 Rfc8 25. c4 Qa5 26. Ra1 Rd8 27.
Qf4 Rcd6 28. a4 Qb4 29. Rab1 Rd3 30. Qc7 a5 31. h4 Qc5 32. Qxc5 bxc5 33. Rfe1
Rb8 34. Re5 Rdxb3 35. Rxb3 Rxb3 36. Rxc5 Rb4 37. Rxa5 Rxc4 38. Ra8+ Kh7 39. a5
Ra4 40. a6 f6 41. a7 1/2-1/2

[Event "Championnat de la Loire Open"]
[Site "Loire"]
[Date "2004.01.10"]
[Round "2.15"]
[White "Chalendar, Antoine"]
[Black "Volay, Pascal"]
[Result "0-1"]
[WhiteElo "1299"]
[BlackElo "1499"]
[PlyCount "150"]

1. d4 d5 2. Nf3 Nc6 3. Bf4 e6 4. e3 Bd6 5. Bxd6 Qxd6 6. c4 dxc4 7. Na3 Qb4+ 8.
Qd2 Qxd2+ 9. Nxd2 Nb4 10. Ndxc4 Nf6 11. Be2 O-O 12. O-O Bd7 13. Bf3 Rab8 14.
Rfc1 Bc6 15. Bxc6 Nxc6 16. Nc2 b5 17. Nd2 a6 18. b4 Rfd8 19. a4 Ne8 20. a5 Nf6
21. Nf3 Nd5 22. e4 Nc3 23. Re1 Rd7 24. Re3 Na4 25. Ra2 Rbd8 26. e5 Ne7 27. g3
Nd5 28. Nfe1 Nxe3 29. fxe3 Nc3 30. Ra3 Nd5 31. Kf2 f5 32. exf6 Nxf6 33. Kf3 Rf7
34. Nd3 Nd7+ 35. Ke4 c6 36. Rc3 Rc8 37. Nc5 Nxc5+ 38. Rxc5 Kf8 39. g4 Ke7 40.
Ke5 g6 41. Ne1 h5 42. h3 Kd7 43. Ke4 hxg4 44. hxg4 Rh8 45. Nd3 Kd6 46. Ne5 Rc7
47. Kf4 Rf8+ 48. Kg5 Rg8 49. e4 Rgg7 50. Nxg6 Rc8 51. Kf6 Rcg8 52. e5+ Kc7 53.
Nf4 Kd7 54. Nxe6 Rg6+ 55. Kf7 Rxg4 56. Nf8+ Rxf8+ 57. Kxf8 Rxd4 58. e6+ Kxe6
59. Rxc6+ Rd6 60. Rxd6+ Kxd6 61. Ke8 Kd5 62. Kd7 Kc4 63. Kc6 Kxb4 64. Kb6 Ka4
65. Kxa6 b4 66. Kb6 b3 67. a6 b2 68. a7 b1=Q+ 69. Kc7 Qc2+ 70. Kb7 Qb3+ 71. Kc7
Qc4+ 72. Kb7 Qf7+ 73. Kb8 Qe8+ 74. Kb7 Qd7+ 75. Kb6 Qc8 0-1

[Event "Championnat de la Loire Open"]
[Site "Loire"]
[Date "2004.01.10"]
[Round "2.16"]
[White "Campoy, Jean"]
[Black "Bonnevialle, Benjamin"]
[Result "1-0"]
[WhiteElo "1440"]
[BlackElo "1299"]
[PlyCount "71"]

1. e4 e5 2. c4 Nh6 3. d3 Nc6 4. Be2 g6 5. Nc3 Bg7 6. Nf3 O-O 7. O-O b6 8. h3
Ba6 9. a3 Na5 10. b4 Nb7 11. b5 Bxb5 12. cxb5 Qe7 13. Nd5 Qc5 14. Nh2 Rac8 15.
Be3 Qd6 16. Bd2 c6 17. bxc6 dxc6 18. Ne3 a5 19. Nhg4 Nc5 20. Nc4 Qd4 21. Bxh6
b5 22. Be3 Qd7 23. Nb6 Qe6 24. Bxc5 f5 25. Bxf8 Rxf8 26. exf5 gxf5 27. Nh2 Rb8
28. Na4 bxa4 29. Qxa4 e4 30. d4 Qd6 31. Rfb1 Rc8 32. Rd1 Bh6 33. Nf1 Bf8 34.
Ng3 f4 35. Qc4+ Kg7 36. Nf5+ 1-0

[Event "Championnat de la Loire Open"]
[Site "Loire"]
[Date "2004.01.10"]
[Round "2.17"]
[White "Langlade, Remi"]
[Black "Debernardi, Hippolyte"]
[Result "1-0"]
[WhiteElo "1410"]
[BlackElo "1290"]
[PlyCount "89"]

1. e4 e5 2. Bc4 Nf6 3. d3 Bc5 4. Nf3 Nc6 5. c3 d6 6. Ng5 O-O 7. Qb3 Be6 8. Bxe6
fxe6 9. Nxe6 Qe7 10. Nxf8+ Kxf8 11. Qxb7 Rd8 12. Nd2 Na5 13. Qb5 Bb6 14. b4 Rb8
15. d4 exd4 16. bxa5 dxc3 17. axb6 cxd2+ 18. Bxd2 Qxe4+ 19. Kd1 Rxb6 20. Re1
Qxg2 21. Qa5 Qxf2 22. Qxa7 Qf3+ 23. Re2 Qf1+ 24. Be1 Nd5 25. Qa8+ Kf7 26. Rf2+
Qxf2 27. Bxf2 Rb2 28. Qxd5+ Ke7 29. Bh4+ Kd7 30. Qf5+ Kc6 31. Rc1+ Kb6 32. Qxh7
Rxa2 33. Qb1+ Ka6 34. Qxa2+ Kb7 35. Bg3 Kc8 36. Bxd6 Kd7 37. Bxc7 g5 38. Rb1
Kxc7 39. Qc4+ Kd6 40. Rb5 g4 41. Qc5+ Ke6 42. Qc6+ Ke7 43. Rb6 g3 44. Qc7+ Ke8
45. Rb8# 1-0

[Event "Championnat de la Loire Open"]
[Site "Loire"]
[Date "2004.01.10"]
[Round "2.18"]
[White "Gerey, Bernard"]
[Black "Giroux, Sylvain"]
[Result "1-0"]
[WhiteElo "1210"]
[BlackElo "1399"]
[PlyCount "39"]

1. e4 e5 2. Nf3 Nc6 3. d4 exd4 4. Nxd4 Nxd4 5. Qxd4 c5 6. Qd3 Nf6 7. Be2 Be7 8.
O-O b6 9. Qg3 O-O 10. Bh6 Ne8 11. Nc3 Bd6 12. e5 Bc7 13. Ne4 d6 14. Nf6+ Kh8
15. Nxe8 g6 16. Nxc7 Qxc7 17. exd6 Qc6 18. Qe5+ f6 19. Qe7 Qd7 20. Qxf8# 1-0

[Event "Championnat de la Loire Open"]
[Site "Loire"]
[Date "2004.01.10"]
[Round "2.19"]
[White "Carrot, Axel"]
[Black "Vinot, Sebastien"]
[Result "1-0"]
[WhiteElo "1350"]
[BlackElo "1220"]
[PlyCount "35"]

1. d4 d5 2. Nf3 Nf6 3. Bf4 Nc6 4. e3 Bf5 5. Bd3 Bg4 6. h3 Bxf3 7. Qxf3 e6 8.
O-O Be7 9. Nc3 O-O 10. Rfe1 h6 11. Qg3 Nh5 12. Qh2 Nxf4 13. Qxf4 Bd6 14. Qf3 e5
15. Nxd5 Re8 16. Qe4 Qg5 17. Qh7+ Kf8 18. Qh8# 1-0

[Event "Championnat de la Loire Open"]
[Site "Loire"]
[Date "2004.01.10"]
[Round "2.20"]
[White "Barbier, Thomas"]
[Black "Gerey, Jean-Pierre"]
[Result "0-1"]
[WhiteElo "1199"]
[BlackElo "1330"]
[PlyCount "74"]

1. d4 d5 2. Bf4 Nf6 3. e3 g6 4. Nf3 Nc6 5. Bd3 Bg7 6. Nc3 O-O 7. O-O a6 8. Ne5
Nxe5 9. Bxe5 c6 10. Bxf6 Bxf6 11. b3 c5 12. Ne2 cxd4 13. exd4 b5 14. c4 dxc4
15. bxc4 Bxd4 16. Rb1 bxc4 17. Bxc4 e5 18. Qc2 Bf5 19. Bd3 Bxd3 20. Qxd3 Bxf2+
21. Rxf2 Qxd3 22. Rc1 Rac8 23. Re1 Rc2 24. h3 Rxa2 25. Nc1 Qc3 26. Nxa2 Qxe1+
27. Rf1 Qe3+ 28. Rf2 Qe1+ 29. Rf1 Qd2 30. Rf2 Qd1+ 31. Rf1 Qc2 32. Nb4 Qc5+ 33.
Rf2 Qxb4 34. Rf1 Rc8 35. g4 Qd4+ 36. Rf2 Rc2 37. Kf1 Qxf2# 0-1

[Event "Championnat de la Loire Open"]
[Site "Loire"]
[Date "2004.01.10"]
[Round "2.21"]
[White "Conesa, Antoine"]
[Black "Veyrat, Gerard"]
[Result "1-0"]
[WhiteElo "1320"]
[BlackElo "1210"]
[PlyCount "87"]

1. e4 e5 2. Nf3 d6 3. Bc4 Nc6 4. a3 Nf6 5. d3 d5 6. exd5 Nxd5 7. O-O Be6 8. Re1
Bd6 9. b4 O-O 10. Bb2 Qf6 11. Nbd2 Qg6 12. Ne4 f6 13. d4 Nf4 14. Bxe6+ Kh8 15.
Nh4 Qh6 16. Nf5 Qg6 17. Nfg3 Nxe6 18. Bc1 Ncxd4 19. c3 Nb5 20. a4 Nxc3 21. Nxc3
Bxb4 22. Bd2 Rad8 23. Nge4 Nf4 24. Qf3 Rd3 25. Re3 Rxe3 26. Bxe3 Bxc3 27. Nxc3
Rd8 28. Bxf4 exf4 29. Qxf4 c6 30. h3 Qf7 31. Ne2 a5 32. Ng3 c5 33. Nf5 g6 34.
Nh6 Qe7 35. Qc4 Qf8 36. Nf7+ Kg7 37. Nxd8 Qxd8 38. Qxc5 b6 39. Qc1 Qd6 40. Ra2
h5 41. Rc2 g5 42. Rc7+ Kg6 43. Qc2+ Kh6 44. Qh7# 1-0

[Event "Championnat de la Loire Open"]
[Site "Loire"]
[Date "2004.01.10"]
[Round "2.22"]
[White "Bruyas, Benjamin"]
[Black "Charron, Arthur"]
[Result "1-0"]
[WhiteElo "1310"]
[BlackElo "1010"]
[PlyCount "73"]

1. Nf3 e6 2. c4 d5 3. cxd5 exd5 4. d4 Bd6 5. Nc3 Nf6 6. Bg5 O-O 7. Bxf6 Qxf6 8.
Nxd5 Qe6 9. Nc3 c5 10. d5 Qf5 11. e4 Qf4 12. Bc4 Qg4 13. O-O Qf4 14. Qd3 Nd7
15. Rfe1 Ne5 16. Nxe5 Qxe5 17. g3 Qh5 18. Nb5 Be5 19. Nc3 Bg4 20. Rab1 Bf3 21.
Bb3 Qh3 22. Qxf3 h6 23. Na4 b6 24. Nc3 Rac8 25. Qd3 a6 26. Qxa6 Ra8 27. Qxb6
Rac8 28. Na4 Bd4 29. Rbc1 Qh4 30. gxh4 Rfe8 31. Rxc5 Rxe4 32. Rxc8+ Kh7 33.
Rxe4 Bxf2+ 34. Kxf2 g6 35. Re7 h5 36. Rxf7+ Kh6 37. Rh8# 1-0

[Event "Championnat de la Loire Open"]
[Site "Loire"]
[Date "2004.01.10"]
[Round "2.23"]
[White "Oriol, Nicolas"]
[Black "Vinot, Alexandre"]
[Result "1-0"]
[WhiteElo "1090"]
[BlackElo "1310"]
[PlyCount "57"]

1. e4 e5 2. Nf3 Nc6 3. Bc4 Bc5 4. Nc3 Nf6 5. O-O O-O 6. d3 d5 7. exd5 Na5 8.
Bb5 Bg4 9. d4 exd4 10. Qd3 Qe7 11. Ng5 h6 12. Na4 Bb4 13. Qxd4 c5 14. Qd3 Qe2
15. Qg3 Qxb5 16. b3 Bc3 17. Nxc3 Qd7 18. Qd3 Rac8 19. Nce4 c4 20. bxc4 g6 21.
Nxf6+ Kg7 22. Nxd7 Rfe8 23. Qd4+ Kg8 24. Nf6+ Kf8 25. Ba3+ Re7 26. d6 Re2 27.
d7+ Kg7 28. dxc8=Q b6 29. Qg8# 1-0

[Event "Championnat de la Loire Open"]
[Site "Loire"]
[Date "2004.03.06"]
[Round "3.1"]
[White "Valet, Godeffroy"]
[Black "Simon, Joel"]
[Result "1-0"]
[WhiteElo "1960"]
[BlackElo "1620"]
[PlyCount "53"]

1. e4 d6 2. d4 Nf6 3. Nc3 g6 4. Be3 Bg7 5. Bc4 O-O 6. Qd2 Nxe4 7. Nxe4 d5 8.
Bxd5 Qxd5 9. f3 Bf5 10. Nf2 Nc6 11. c3 e5 12. Ne2 exd4 13. cxd4 Rfe8 14. O-O
Rad8 15. Nc3 Qa5 16. Rae1 Nxd4 17. Bxd4 c5 18. Rxe8+ Rxe8 19. Bxg7 Kxg7 20. Re1
Rxe1+ 21. Qxe1 b5 22. Qe5+ Kg8 23. Qxc5 Qd8 24. Nd5 Be6 25. Ne7+ Kg7 26. Qe5+
Kf8 27. Nc6 1-0

[Event "Championnat de la Loire Open"]
[Site "Loire"]
[Date "2004.03.06"]
[Round "3.2"]
[White "Vier, Serge"]
[Black "Farge, Damien"]
[Result "1/2-1/2"]
[WhiteElo "1730"]
[BlackElo "1600"]
[PlyCount "88"]

1. d4 d5 2. c4 c6 3. Nc3 Nf6 4. e3 Bf5 5. Nf3 Nbd7 6. Be2 e6 7. O-O b6 8. Nh4
Bd6 9. Nxf5 exf5 10. cxd5 cxd5 11. Bf3 Qc7 12. g3 Qc6 13. Bd2 Ne4 14. Rc1 Nxc3
15. Rxc3 Qb5 16. Qc2 O-O 17. Rc1 Nf6 18. Qb3 Qxb3 19. Rxb3 Rac8 20. Rbc3 Rxc3
21. Bxc3 Rc8 22. Bd2 Rxc1+ 23. Bxc1 h5 24. Bg2 Kh7 25. b3 a5 26. Kf1 Kg6 27.
Ke2 Ne4 28. Bb2 Kf6 29. f3 Ng5 30. Kd3 g6 31. Bc1 Nh7 32. e4 fxe4+ 33. fxe4 Ke6
34. exd5+ Kd7 35. Kc4 Nf6 36. Kb5 Kc7 37. Bf4 Bxf4 38. gxf4 Nd7 39. Bh3 f5 40.
Bf1 Kd6 41. Bg2 Kc7 42. Kc4 Kd6 43. Bf1 Nf6 44. Bg2 Nd7 1/2-1/2

[Event "Championnat de la Loire Open"]
[Site "Loire"]
[Date "2004.03.06"]
[Round "3.3"]
[White "Doran, Niall"]
[Black "Roche, Marius"]
[Result "0-1"]
[WhiteElo "1640"]
[BlackElo "1700"]
[PlyCount "104"]

1. e4 g6 2. d4 Bg7 3. Nf3 d6 4. Bc4 a6 5. O-O e6 6. Re1 b5 7. Bb3 Bb7 8. c3 Nf6
9. Bg5 h6 10. Bh4 g5 11. Nxg5 hxg5 12. Bxg5 Qd7 13. Nd2 Nc6 14. Qf3 Ng8 15. Nf1
f6 16. Bd2 Na5 17. Bc2 Nc4 18. b3 Nxd2 19. Nxd2 O-O-O 20. c4 f5 21. Qe2 Bxd4
22. Rad1 f4 23. Nf3 Bc3 24. Rf1 b4 25. Rd3 Qe7 26. Rfd1 Nf6 27. e5 Ne4 28. exd6
cxd6 29. Nd2 Nxd2 30. R3xd2 Bxd2 31. Rxd2 Rhg8 32. f3 e5 33. Qf2 e4 34. Bxe4
Bxe4 35. fxe4 Qxe4 36. Re2 Qd3 37. Rd2 Qe3 38. Qxe3 fxe3 39. Rd3 Rde8 40. g3
Rgf8 41. Rd1 e2 42. Re1 Rf3 43. Kg2 Rd3 44. h4 Rd1 45. Kf2 Rd2 46. h5 Rxa2 47.
g4 Rd2 48. g5 Re5 49. g6 Rxh5 50. Rxe2 Rxe2+ 51. Kxe2 Rg5 52. Kd3 Rxg6 0-1

[Event "Championnat de la Loire Open"]
[Site "Loire"]
[Date "2004.03.06"]
[Round "3.4"]
[White "Gaillard, Pierre"]
[Black "Gidon, Rene"]
[Result "1-0"]
[WhiteElo "1690"]
[BlackElo "1530"]
[PlyCount "91"]

1. c4 e5 2. Nf3 Nc6 3. Nc3 Nf6 4. d3 d5 5. cxd5 Nxd5 6. g3 Bb4 7. Bd2 O-O 8.
Bg2 Be6 9. O-O Qd7 10. Ng5 Nxc3 11. Bxc3 Bxc3 12. bxc3 Rad8 13. Qa4 Bd5 14.
Bxd5 Qxd5 15. Rab1 b6 16. Rb5 Qd6 17. Qe4 f5 18. Qh4 h6 19. Nf3 a6 20. Qc4+ Kh8
21. Rb2 Rf6 22. h4 f4 23. Kg2 fxg3 24. fxg3 Rg6 25. Nd2 Na5 26. Qf7 Qc6+ 27.
Ne4 Nb7 28. Kh2 Kh7 29. Qf5 Re8 30. h5 Ree6 31. hxg6+ Rxg6 32. Qxe5 Nd8 33. Qf5
Ne6 34. e3 Nc5 35. Nxc5 bxc5 36. Rb8 Qd6 37. Qf4 Qxd3 38. Rf2 Qxc3 39. Rc8 Qa5
40. Qe4 c4 41. Rf5 Qd2+ 42. Kh3 Qe1 43. Qf3 c3 44. Rff8 Rxg3+ 45. Qxg3 Qh1+ 46.
Qh2 1-0

[Event "Championnat de la Loire Open"]
[Site "Loire"]
[Date "2004.03.06"]
[Round "3.5"]
[White "Pareux, Marc"]
[Black "Desassis, Gregoire"]
[Result "0-1"]
[WhiteElo "1540"]
[BlackElo "1660"]
[PlyCount "90"]

1. d4 d5 2. e4 e6 3. Be3 dxe4 4. Nd2 Nf6 5. f3 exf3 6. Ngxf3 Bd6 7. Bd3 Ng4 8.
Qe2 Nxe3 9. Qxe3 O-O 10. Nc4 Nc6 11. c3 Re8 12. O-O e5 13. Rae1 f6 14. Nxd6
Qxd6 15. Nh4 Bd7 16. Qe4 g6 17. d5 f5 18. Nxf5 gxf5 19. Rxf5 Bxf5 20. Qxf5 Qg6
21. Qh3 e4 22. Bc2 Na5 23. Re3 Kh8 24. Qh4 Rg8 25. Bxe4 Qg7 26. Rg3 Qf7 27. Rf3
Qd7 28. Rh3 Rg7 29. Qf6 Qf7 30. Rxh7+ Kg8 31. Qd4 Rxh7 32. Bxh7+ Qxh7 33. Qg4+
Qg7 34. Qe6+ Qf7 35. Qg4+ Kf8 36. Qb4+ Qe7 37. Qf4+ Ke8 38. Qg3 Kd8 39. h4 c6
40. d6 Qf7 41. Qg4 Nc4 42. h5 Nxd6 43. h6 Nf5 44. Qg5+ Kc7 45. Qf4+ Kb6 0-1

[Event "Championnat de la Loire Open"]
[Site "Loire"]
[Date "2004.03.06"]
[Round "3.6"]
[White "Desassis, Jean-Francois"]
[Black "Trottet, Francois"]
[Result "1-0"]
[WhiteElo "1320"]
[BlackElo "1500"]
[PlyCount "89"]

1. d4 Nf6 2. Nc3 d5 3. e4 dxe4 4. f3 e6 5. fxe4 Bb4 6. Bd3 Nc6 7. e5 Nd5 8. Bd2
Nde7 9. Qg4 Qxd4 10. Qxg7 Qxe5+ 11. Qxe5 Nxe5 12. Be4 Nc4 13. O-O-O c6 14. Nf3
e5 15. Rhf1 Bd7 16. Bd3 Nxd2 17. Nxd2 Bxc3 18. bxc3 f5 19. Be2 Nd5 20. Bh5+ Kd8
21. Nc4 e4 22. Ne5 Rf8 23. c4 Nf6 24. Rxf5 Kc7 25. Nxd7 Nxd7 26. Rg5 Rad8 27.
Rg7 Rf5 28. Bg4 Re5 29. Rgxd7+ Rxd7 30. Rxd7+ Kb6 31. Kd2 h5 32. Be2 e3+ 33.
Kd3 c5 34. Rh7 a5 35. Rxh5 Re6 36. Rh3 Ka6 37. Rxe3 Rd6+ 38. Kc3 a4 39. g4 Rh6
40. h3 Ka5 41. Bd3 Kb6 42. g5 Rh8 43. g6 Rg8 44. Rg3 Rg7 45. h4 1-0

[Event "Championnat de la Loire Open"]
[Site "Loire"]
[Date "2004.03.06"]
[Round "3.7"]
[White "Carrot, Axel"]
[Black "Barnes, Pierrick"]
[Result "0-1"]
[WhiteElo "1350"]
[BlackElo "1930"]
[PlyCount "114"]

1. d4 Nf6 2. Bg5 e6 3. e4 Be7 4. Bxf6 Bxf6 5. Nf3 b6 6. Nc3 Bb7 7. Bd3 O-O 8.
O-O Nc6 9. Bb5 a6 10. Bxc6 dxc6 11. e5 Be7 12. Qd2 c5 13. Qd3 Bxf3 14. Qxf3
cxd4 15. Ne2 c5 16. Rfd1 Qc7 17. c3 Qxe5 18. cxd4 cxd4 19. Nxd4 Bc5 20. Qe3
Qxe3 21. fxe3 e5 22. Nc2 Rfd8 23. Kf1 f5 24. Ke2 Kf7 25. b4 Be7 26. Rd2 Rxd2+
27. Kxd2 Rd8+ 28. Ke2 e4 29. Rd1 Rxd1 30. Kxd1 b5 31. a3 Bf6 32. Kc1 Ke6 33.
Nd4+ Bxd4 34. exd4 Kd5 35. Kd2 Kxd4 36. h3 h5 37. h4 g6 38. g3 Kc4 39. Kc2 e3
40. Kc1 Kd3 41. Kd1 Ke4 42. Ke2 f4 43. gxf4 Kxf4 44. Ke1 Kf3 45. Kf1 Kg3 46.
Ke2 Kxh4 47. Kxe3 Kg3 48. Ke2 Kg2 49. Ke3 h4 50. Kd4 h3 51. Kc5 h2 52. Kb6 h1=Q
53. Kxa6 Qf1 54. a4 bxa4+ 55. b5 a3 56. Ka5 a2 57. b6 a1=R+ 0-1

[Event "Championnat de la Loire Open"]
[Site "Loire"]
[Date "2004.03.06"]
[Round "3.8"]
[White "Gerey, Jean-Pierre"]
[Black "Gregoire, Michele"]
[Result "1-0"]
[WhiteElo "1330"]
[BlackElo "1499"]
[PlyCount "81"]

1. e4 e5 2. Nf3 Nc6 3. Bb5 Nf6 4. Nc3 a6 5. Ba4 b5 6. Bb3 Bb7 7. O-O Bc5 8. d3
O-O 9. Nd5 Nxd5 10. Bxd5 Qe7 11. b3 Rab8 12. a4 Nb4 13. Bxb7 Rxb7 14. c3 Nc6
15. b4 Bd6 16. a5 Na7 17. Be3 c5 18. bxc5 Bxc5 19. Bxc5 Qxc5 20. Qd2 Nc6 21.
Rfc1 f6 22. h3 d5 23. Qa2 Rd7 24. d4 Kh8 25. dxc5 dxe4 26. Nh2 Rfd8 27. Qe2 f5
28. Rd1 b4 29. Rxd7 Rxd7 30. Qxa6 Ne7 31. Qa8+ Ng8 32. cxb4 h5 33. Qa6 Nf6 34.
Qc8+ Kh7 35. Nf1 f4 36. Qc6 e3 37. fxe3 fxe3 38. Nxe3 g6 39. Qxf6 e4 40. Rd1
Rxd1+ 41. Nxd1 1-0

[Event "Championnat de la Loire Open"]
[Site "Loire"]
[Date "2004.03.06"]
[Round "3.9"]
[White "Gregoire, Patrick"]
[Black "Conesa, Antoine"]
[Result "0-1"]
[WhiteElo "1499"]
[BlackElo "1320"]
[PlyCount "90"]

1. e4 c5 2. Nf3 e6 3. d4 d5 4. Nbd2 Nc6 5. Bb5 dxe4 6. Bxc6+ bxc6 7. Nxe4 cxd4
8. O-O c5 9. b3 Nf6 10. Nxf6+ gxf6 11. Bb2 Rg8 12. Qd3 Rg7 13. Rad1 Bb7 14. c3
e5 15. Rfe1 Be7 16. b4 c4 17. Qxc4 Bxf3 18. g3 Bxd1 19. Rxd1 Rc8 20. Qb3 d3 21.
c4 Rb8 22. Rxd3 Qb6 23. Qa4+ Kf8 24. Ba3 a5 25. b5 Bxa3 26. Qxa3+ Ke8 27. Rd6
Qc7 28. Rc6 Qe7 29. Qxa5 Rg4 30. c5 Rd4 31. b6 Rd1+ 32. Kg2 Qb7 33. Qb5 Kd7 34.
Kh3 Qxc6 35. a4 Qxb5 36. axb5 Rc1 37. c6+ Rxc6 38. bxc6+ Kxc6 39. Kh4 Rxb6 40.
h3 Kd6 41. Kh5 Rb2 42. f3 Rb3 43. Kg4 Ke6 44. f4 e4 45. h4 f5+ 0-1

[Event "Championnat de la Loire Open"]
[Site "Loire"]
[Date "2004.03.06"]
[Round "3.10"]
[White "Volay, Pascal"]
[Black "Bruyas, Benjamin"]
[Result "1-0"]
[WhiteElo "1499"]
[BlackElo "1310"]
[PlyCount "143"]

1. c4 Nf6 2. Nc3 e5 3. e4 Nc6 4. d3 Bb4 5. Nf3 d6 6. Bg5 Bg4 7. Be2 h6 8. Bxf6
Qxf6 9. O-O Bxf3 10. Bxf3 Nd4 11. a3 Ba5 12. Nb5 Nxb5 13. cxb5 O-O 14. Rc1 Rac8
15. b4 Bb6 16. Qe2 Rfd8 17. Rc2 Qe6 18. Bg4 Qb3 19. Bxc8 Rxc8 20. Ra1 Bd4 21.
Raa2 c6 22. g3 c5 23. bxc5 dxc5 24. a4 b6 25. a5 Qxb5 26. axb6 axb6 27. Ra3 Qc6
28. Rca2 b5 29. Ra6 Qe8 30. Qd2 c4 31. dxc4 bxc4 32. Qa5 c3 33. Rc2 Rb8 34. Qa4
Qc8 35. Rc6 Qe8 36. Qc4 Kh7 37. Rc7 f6 38. Qf7 Qxf7 39. Rxf7 Kg6 40. Rc7 h5 41.
h3 Kh6 42. Kg2 g6 43. f4 g5 44. fxg5+ Kxg5 45. h4+ Kg6 46. Kf3 f5 47. Rc6+ Kg7
48. exf5 Re8 49. Ke4 Kh7 50. f6 Kg6 51. Rc1 Kf7 52. Kf5 Rg8 53. Rc7+ Kf8 54.
Rc8+ Kf7 55. Rxg8 Kxg8 56. g4 hxg4 57. Kxg4 e4 58. Kg3 e3 59. Kf3 Kf7 60. Ke4
Bxf6 61. Kxe3 Kg6 62. Kd3 Kh5 63. Rf1 Bg7 64. Rf4 Bh8 65. Kc2 Bg7 66. Rc4 Bf6
67. Rc6 Bh8 68. Rc8 Bg7 69. Rg8 Bf6 70. Rf8 Bg7 71. Rf7 Be5 72. Rf5+ 1-0

[Event "Championnat de la Loire Open"]
[Site "Loire"]
[Date "2004.03.06"]
[Round "3.11"]
[White "Mialon, Franck"]
[Black "Campoy, Jean"]
[Result "0-1"]
[WhiteElo "1290"]
[BlackElo "1440"]
[PlyCount "26"]

1. e4 e5 2. f4 d6 3. d3 Nf6 4. f5 Be7 5. Bg5 Nc6 6. Nc3 O-O 7. Bxf6 Bxf6 8. Qh5
g6 9. fxg6 fxg6 10. Qe2 Nd4 11. Qd2 Bg5 12. Qd1 Qf6 13. Be2 Qf2# 0-1

[Event "Championnat de la Loire Open"]
[Site "Loire"]
[Date "2004.03.06"]
[Round "3.12"]
[White "Gidrol, Thibault"]
[Black "Gerey, Bernard"]
[Result "1-0"]
[WhiteElo "1440"]
[BlackElo "1210"]
[PlyCount "55"]

1. e4 c5 2. Nf3 Nc6 3. d3 e5 4. Nbd2 Nf6 5. g3 d6 6. Bg2 Be7 7. O-O O-O 8. Re1
b5 9. b3 Bb7 10. c3 a5 11. Bb2 Qb6 12. c4 Nd4 13. Nxd4 cxd4 14. cxb5 Qxb5 15.
a4 Qxd3 16. Bf1 Qxf1+ 17. Kxf1 Ba6+ 18. Kg1 Bd8 19. Ba3 Bc7 20. Rc1 Rac8 21.
Rxc7 Rxc7 22. Bxd6 Rfc8 23. Bxc7 Rxc7 24. Nf3 Ng4 25. Nxd4 Nf6 26. Nf3 Bb7 27.
Qd8+ Ne8 28. Qxe8# 1-0

[Event "Championnat de la Loire Open"]
[Site "Loire"]
[Date "2004.03.06"]
[Round "3.13"]
[White "Megnot, Philippe"]
[Black "Desassis, Maxence"]
[Result "0-1"]
[WhiteElo "1150"]
[BlackElo "1430"]
[PlyCount "110"]

1. d4 d5 2. c4 Nc6 3. Nf3 Bg4 4. e3 e6 5. h3 Bxf3 6. Qxf3 Nf6 7. c5 Be7 8. Bd3
Nb4 9. Be2 Nc2+ 10. Kf1 Nxa1 11. Bd1 Ne4 12. Nc3 Nxc3 13. bxc3 O-O 14. Ke2 c6
15. Bb2 Qa5 16. a4 Qa6+ 17. Kd2 Qc4 18. Be2 Nb3+ 19. Kc2 Qxa4 20. Bd1 Nxd4+ 21.
Kb1 Nxf3 22. Bxa4 Ne5 23. c4 Bxc5 24. Bxe5 b5 25. cxb5 cxb5 26. Bb3 f6 27. Bc3
Rfd8 28. Kc2 d4 29. exd4 Bxd4 30. Bxe6+ Kf8 31. Bg4 Bxc3 32. Kxc3 Ke7 33. Bf3
Rac8+ 34. Kb4 a6 35. Bb7 Rc2 36. Re1+ Kd6 37. Rd1+ Kc7 38. Rxd8 Kxd8 39. f3 Kc7
40. Bxa6 Rxg2 41. Bxb5 Rg3 42. Bd3 Rxf3 43. Bxh7 Rxh3 44. Bf5 Rf3 45. Bg6 f5
46. Kc4 f4 47. Kd4 Ra3 48. Ke4 f3 49. Bh5 f2 50. Be2 Ra1 51. Ke3 f1=Q 52. Bxf1
Rxf1 53. Ke2 Rf4 54. Ke3 g5 55. Ke2 Kd6 0-1

[Event "Championnat de la Loire Open"]
[Site "Loire"]
[Date "2004.03.06"]
[Round "3.14"]
[White "Goudet, Maxence"]
[Black "Langlade, Remi"]
[Result "1-0"]
[WhiteElo "1090"]
[BlackElo "1410"]
[PlyCount "123"]

1. e4 e5 2. Nf3 Nc6 3. Bb5 Bc5 4. Bxc6 dxc6 5. O-O Qf6 6. d3 h6 7. Nbd2 Bd6 8.
b3 Qg6 9. Nh4 Qe6 10. Bb2 g5 11. Nf5 Ne7 12. Ng7+ Kf8 13. Nxe6+ Bxe6 14. Nc4
Rd8 15. Nxe5 f6 16. Ng4 Kf7 17. Bxf6 Rh7 18. e5 Bc5 19. Bxe7 Kxe7 20. Nf6 Rg7
21. c3 b5 22. d4 Ba3 23. b4 Bb2 24. Rb1 Bxc3 25. Qc1 Bxd4 26. Qxc6 Bxe5 27. Nh5
Rf7 28. Rfe1 Rf5 29. Qxb5 Bxh2+ 30. Kxh2 Rxb5 31. a4 Rbd5 32. f4 Kd7 33. Nf6+
Kc8 34. Nxd5 Bxd5 35. Rbd1 gxf4 36. Re5 Bb3 37. Rxd8+ Kxd8 38. a5 Kd7 39. Rh5
Ke6 40. Rxh6+ Ke5 41. Rh7 Bd5 42. Rxc7 a6 43. Ra7 Bc4 44. Re7+ Kf5 45. Rc7 Bf1
46. Kg1 Bb5 47. Kf2 Kg4 48. Rg7+ Kf5 49. g3 fxg3+ 50. Kxg3 Ke5 51. Rc7 Kd6 52.
Rc1 Kd5 53. Kg4 Kd4 54. Kf5 Kd3 55. Ke5 Kd2 56. Rc7 Kd3 57. Kd5 Ba4 58. Kc5 Kc3
59. Rb7 Kb3 60. b5 Bxb5 61. Rxb5+ axb5 62. Kxb5 1-0